Modern pharmaceutics / (Record no. 20199)
[ view plain ]
| 000 -LEADER | |
|---|---|
| fixed length control field | 01385cam a22003375a 4500 |
| 001 - CONTROL NUMBER | |
| control field | 15598118 |
| 005 - DATE AND TIME OF LATEST TRANSACTION | |
| control field | 20160216131209.0 |
| 008 - FIXED-LENGTH DATA ELEMENTS--GENERAL INFORMATION | |
| fixed length control field | 090123t2009 nyua frb 001 0 eng d |
| 020 ## - INTERNATIONAL STANDARD BOOK NUMBER | |
| International Standard Book Number | 9781420065640 (v. 1 : hardcover : acidfree paper) |
| 020 ## - INTERNATIONAL STANDARD BOOK NUMBER | |
| International Standard Book Number | 1420065645 (v. 1 : hardcover : acidfree paper) |
| 020 ## - INTERNATIONAL STANDARD BOOK NUMBER | |
| International Standard Book Number | 9781420065664 (v. 2 : hardcover : acidfree paper) |
| 020 ## - INTERNATIONAL STANDARD BOOK NUMBER | |
| International Standard Book Number | 1420065661 (v. 2 : hardcover : acidfree paper) |
| 040 ## - CATALOGING SOURCE | |
| Original cataloging agency | DNLM/DLC |
| Language of cataloging | eng |
| Transcribing agency | DLC |
| Modifying agency | YDX |
| -- | BTCTA |
| -- | BAKER |
| -- | YDXCP |
| -- | NLM |
| -- | IXA |
| -- | DLC |
| -- | EG-ScBUE |
| -- | EG-ScBUE |
| 082 04 - DEWEY DECIMAL CLASSIFICATION NUMBER | |
| Classification number | 615.1 |
| Item number | MOD |
| Edition number | 22 |
| 245 00 - TITLE STATEMENT | |
| Title | Modern pharmaceutics / |
| Statement of responsibility, etc | edited by Alexander T. Florence, Juergen Siepmann. |
| 250 ## - EDITION STATEMENT | |
| Edition statement | 5th ed. |
| 260 ## - PUBLICATION, DISTRIBUTION, ETC. (IMPRINT) | |
| Place of publication, distribution, etc | New York ; |
| -- | London : |
| Name of publisher, distributor, etc | Informa Healthcare, |
| Date of publication, distribution, etc | c.2009. |
| 300 ## - PHYSICAL DESCRIPTION | |
| Extent | 2 v. : |
| Other physical details | ill. ; |
| Dimensions | 27 cm. |
| 490 1# - SERIES STATEMENT | |
| Series statement | Drugs and the pharmaceutical sciences ; |
| Volume number/sequential designation | v. 188-189 |
| 504 ## - BIBLIOGRAPHY, ETC. NOTE | |
| Bibliography, etc | Includes bibliographical references and indexes. |
| 505 0# - FORMATTED CONTENTS NOTE | |
| Formatted contents note | v. 1. Basic principles and systems -- v. 2. Applications and advances. |
| 650 #7 - SUBJECT ADDED ENTRY--TOPICAL TERM | |
| Topical term or geographic name as entry element | Drugs |
| General subdivision | Dosage forms. |
| Source of heading or term | BUEsh |
| 9 (RLIN) | 36089 |
| 650 #7 - SUBJECT ADDED ENTRY--TOPICAL TERM | |
| Topical term or geographic name as entry element | Pharmacy. |
| Source of heading or term | BUEsh |
| 9 (RLIN) | 31987 |
| 650 #0 - SUBJECT ADDED ENTRY--TOPICAL TERM | |
| Topical term or geographic name as entry element | Biopharmaceutics. |
| Source of heading or term | BUEsh |
| 9 (RLIN) | 38906 |
| 650 #0 - SUBJECT ADDED ENTRY--TOPICAL TERM | |
| Topical term or geographic name as entry element | Drugs |
| General subdivision | Administration. |
| Source of heading or term | BUEsh |
| 651 ## - SUBJECT ADDED ENTRY--GEOGRAPHIC NAME | |
| Source of heading or term | BUEsh |
| 653 ## - INDEX TERM--UNCONTROLLED | |
| Resource For college | Pharmacy |
| Arrived date list | July2015 |
| -- | December2015 |
| -- | February2016 |
| 700 1# - ADDED ENTRY--PERSONAL NAME | |
| Personal name | Florence, A. T. |
| Fuller form of name | (Alexander Taylor) |
| Relator term | editor. |
| 9 (RLIN) | 39055 |
| 700 1# - ADDED ENTRY--PERSONAL NAME | |
| Personal name | Siepmann, Juergen. |
| Relator term | editor. |
| 942 ## - ADDED ENTRY ELEMENTS (KOHA) | |
| Source of classification or shelving scheme | Dewey Decimal Classification |
| Withdrawn status | Lost status | Source of classification or shelving scheme | Damaged status | Not for loan | Koha collection | Home library | Current library | Shelving location | Date acquired | Source of acquisition | Cost, normal purchase price | Serial Enumeration / chronology | Total Checkouts | Total Renewals | Full call number | Barcode | Checked out | Date last seen | Date last borrowed | Cost, replacement price | Koha item type | Public note |
|---|---|---|---|---|---|---|---|---|---|---|---|---|---|---|---|---|---|---|---|---|---|---|
| Dewey Decimal Classification | Baccah | Central Library | Central Library | First floor | 05/07/2015 | Purchase | 1593.00 | 22696 | 1 | 2 | 615.1 MOD | 000039437 | 02/03/2026 | 28/09/2025 | 28/09/2025 | 1991.00 | Book - Borrowing | VOL. 1. | ||||
| Dewey Decimal Classification | Baccah | Central Library | Central Library | First floor | 05/07/2015 | Purchase | 1593.00 | 22696 | 615.1 MOD | 000039438 | 15/07/2025 | 1991.00 | Book - Borrowing | VOL. 2. | ||||||||
| Dewey Decimal Classification | Baccah | Central Library | Central Library | First floor | 14/08/2016 | Purchase | 1 | 2 | 615.1 MOD | 000031496 | 15/07/2025 | 27/10/2024 | Book - Borrowing | VOL 1. |